A charge delivered from the chair, at a general meeting of the Society for Promoting Christian Knowledge, at their House, in Bartlett's Buildings, Holborn, on Tuesday, April 4, 1797 : To the Rev. William Toby Ringeltaube, and the Rev. Immanuel Gottfried Holzberg, then about to embark for the East Indies, as missionaries to the heathen. By John Owen, B.A. a member of that Society, and sometime chaplain to the Presidency of Bengal. Published at the unanimous request of the board[.].

Bibliographic Details
Main Author: Owen, John (Chaplain to the Presidency of Bengal)
Corporate Author: Gale (Firm)
Format: eBook
Language:English
Subjects:
Online Access:Connect to the full text of this electronic book

MARC

Tag First Indicator Second Indicator Subfields
LEADER 00000cam a2200000 4500
001 in00003867921
005 20190415191451.0
006 m o d
007 cr |n||||||||n
008 820415s1797 enk|||| o 00||||eng c
035 |a (CU-RivES)T30459 
035 |a (Uk-ES)006229706 
035 |a (OCoLC)508553560 
040 |a Uk-ES  |c Uk-ES  |d CStRLIN  |d Cengage Gale  |d UtOrBLW 
100 1 |a Owen, John  |c (Chaplain to the Presidency of Bengal)  |0 http://id.loc.gov/authorities/names/nr93029381 
245 1 2 |a A charge delivered from the chair, at a general meeting of the Society for Promoting Christian Knowledge, at their House, in Bartlett's Buildings, Holborn, on Tuesday, April 4, 1797 :  |b To the Rev. William Toby Ringeltaube, and the Rev. Immanuel Gottfried Holzberg, then about to embark for the East Indies, as missionaries to the heathen. By John Owen, B.A. a member of that Society, and sometime chaplain to the Presidency of Bengal. Published at the unanimous request of the board[.]. 
264 3 |a London :  |b Printed by Ann Rivington, printer to the said Society,  |c 1797. 
300 |a 1 online resource (23, 1 unnumbered pages)  
336 |a text  |b txt  |2 rdacontent 
337 |a computer  |b c  |2 rdamedia 
338 |a online resource  |b cr  |2 rdacarrier 
510 4 |a English Short Title Catalog,  |c T30459. 
500 |a Reproduction of original from British Library. 
500 |a Electronic resource. 
650 0 |a Missionaries  |z England  |z London  |v Early works to 1800. 
650 0 |a Conduct of life  |z Ireland  |v Early works to 1800. 
655 7 |a Electronic books.  |2 local 
710 2 |a Gale (Firm)  |0 http://id.loc.gov/authorities/names/no2008071348 
752 |a Great Britain  |b England  |d London. 
856 4 0 |u http://proxy.library.tamu.edu/login?url=http://find.galegroup.com/ecco/infomark.do?contentSet=ECCOArticles&docType=ECCOArticles&bookId=1442803000&type=getFullCitation&tabID=T001&prodId=ECCO&docLevel=TEXT_GRAPHICS&version=1.0&source=library&userGroupName=txshracd2898  |z Connect to the full text of this electronic book  |t 0 
999 f f |s 5e4b04d5-b230-3846-ae4b-df32ec5c20e5  |i e5d37c8e-4f62-3087-bf92-541501189f06  |t 0 
952 f f |a Texas A&M University  |b College Station  |c Electronic Resources  |d Available Online  |t 0  |h No information provided 
998 f f |t 0  |l Available Online